000 00680nam a2200241 4500
003 OSt
005 20260530113857.0
008 260506b1979 nyua|||| |||| 00| 0 eng d
020 _a0823074536
040 _aICI
_bspa
_cICI
041 _aeng
050 _aNA9053.C34
_bS86
100 1 _aDougherty, Betty,
_ediseño
_931825
245 0 0 _aStreets ahead /
_cdiseño Betty Dougherty
264 1 _aNew York :
_bwhitney library of design,
_c1979
300 _a110 páginas :
_bilustraciones
336 _atexto
_2rdacontent
337 _asin medio
_2rdamedia
338 _avolumen
_2rdacarrier
650 4 _aCalles
_931826
650 4 _aUrbanización
_931827
942 _2lcc
_cBK
_n1
999 _c11648
_d11648